Les Phéniciens : l'expansion phénicienne, Carthage /

محفوظ في:

المؤلف الرئيسي: Parrot, André, 1901-1980. (مؤلف)

مؤلفون آخرون: Chéhab, Maurice H., Moscati, Sabatino.

التنسيق: كتاب

اللغة: French

منشور في: [Paris] : Gallimard, c1975.

سلاسل: L'Univers des formes : 23.

الموضوعات:

الوسوم: إضافة وسم

لا توجد وسوم, كن أول من يضع وسما على هذه التسجيلة!

رقم الطلب: N5410 .P32 1975

LEADER 01080namaa2200313 4500
001 25195
003 OSt
005 20250821110022.0
008 130303s1975 fr ab b 001 0 fre d
040 |c ARCE Library 
043 |a f-ti--- 
050 4 |a N5410 .P32 1975 
100 1 |a Parrot, André,   |d 1901-1980.  |e author  |9 37336 
245 1 4 |a Les Phéniciens :   |b l'expansion phénicienne, Carthage /   |c André Parrot, Maurice H. Chéhab, Sabatino Moscati. 
264 1 |a [Paris] :   |b Gallimard,   |c c1975. 
300 |a 314 pages :   |b illustrations (some color), maps ;   |c 28 cm. 
490 1 |a L'Univers des formes :   |v 23. 
504 |a Includes bibliographical references (pages 287-294) and index. 
650 0 |a Art, Phoenician. 
650 0 |a Phoenician antiquities. 
650 0 |a Art  |z Tunisia  |z Carthage (Extinct city) 
651 0 |a Carthage (Extinct city) 
651 0 |a Tunisia   |x Antiquities, Phoenician. 
700 1 |a Chéhab, Maurice H. 
700 1 |a Moscati, Sabatino.  |9 36263 
830 0 |a L'Univers des formes :   |v 23. 
901 |a reviewed 
942 |c BK  |2 lcc 
999 |c 21147  |d 21147